00236nam a22000977a 4500020001800000100002200018245002800040260003400068300001500102490002100117 a9781338225037 aMary Pope Osborne a Day of the Dragon King aNewYorkbScholastic Incc1998 a68pgsbill aMagic Tree House